<?xml version="1.0" encoding="UTF-8"?>
<record
    xmlns:xsi="http://www.w3.org/2001/XMLSchema-instance"
    xsi:schemaLocation="http://www.loc.gov/MARC21/slim http://www.loc.gov/standards/marcxml/schema/MARC21slim.xsd"
    xmlns="http://www.loc.gov/MARC21/slim">

  <leader>00406nam a22001457a 4500</leader>
  <controlfield tag="003">OSt</controlfield>
  <controlfield tag="005">20240213105819.0</controlfield>
  <controlfield tag="008">240213b        |||||||| |||| 00| 0 eng d</controlfield>
  <datafield tag="020" ind1=" " ind2=" ">
    <subfield code="a">9788110115006</subfield>
  </datafield>
  <datafield tag="040" ind1=" " ind2=" ">
    <subfield code="c"> </subfield>
  </datafield>
  <datafield tag="082" ind1=" " ind2=" ">
    <subfield code="a">658.4083/VAI</subfield>
    <subfield code="b">VAI</subfield>
  </datafield>
  <datafield tag="245" ind1=" " ind2=" ">
    <subfield code="a">Environmental Management</subfield>
    <subfield code="c">Jadhav,Sandhya</subfield>
    <subfield code="h">English</subfield>
  </datafield>
  <datafield tag="260" ind1=" " ind2=" ">
    <subfield code="b">Nirali Prakashan</subfield>
    <subfield code="c">2023</subfield>
  </datafield>
  <datafield tag="942" ind1=" " ind2=" ">
    <subfield code="2">ddc</subfield>
    <subfield code="c">BK</subfield>
    <subfield code="h">658.4083/VAI</subfield>
    <subfield code="n">0</subfield>
  </datafield>
  <datafield tag="999" ind1=" " ind2=" ">
    <subfield code="c">36043</subfield>
    <subfield code="d">36043</subfield>
  </datafield>
  <datafield tag="952" ind1=" " ind2=" ">
    <subfield code="0">0</subfield>
    <subfield code="1">0</subfield>
    <subfield code="2">ddc</subfield>
    <subfield code="4">0</subfield>
    <subfield code="7">0</subfield>
    <subfield code="8">CHEM</subfield>
    <subfield code="a">1234</subfield>
    <subfield code="b">CRCE</subfield>
    <subfield code="d">2024-02-13</subfield>
    <subfield code="g">130.00</subfield>
    <subfield code="l">1</subfield>
    <subfield code="o">658.4083/VAI</subfield>
    <subfield code="p">26355</subfield>
    <subfield code="r">2024-05-30</subfield>
    <subfield code="s">2024-05-14</subfield>
    <subfield code="w">2024-02-13</subfield>
    <subfield code="y">BK</subfield>
  </datafield>
  <datafield tag="952" ind1=" " ind2=" ">
    <subfield code="0">0</subfield>
    <subfield code="1">0</subfield>
    <subfield code="2">ddc</subfield>
    <subfield code="4">0</subfield>
    <subfield code="7">0</subfield>
    <subfield code="8">CHEM</subfield>
    <subfield code="a">1234</subfield>
    <subfield code="b">1234</subfield>
    <subfield code="d">2024-02-13</subfield>
    <subfield code="g">130.00</subfield>
    <subfield code="l">0</subfield>
    <subfield code="o">658.4083/VAI</subfield>
    <subfield code="p">26356</subfield>
    <subfield code="r">2024-02-13</subfield>
    <subfield code="w">2024-02-13</subfield>
    <subfield code="y">BK</subfield>
  </datafield>
  <datafield tag="952" ind1=" " ind2=" ">
    <subfield code="0">0</subfield>
    <subfield code="1">0</subfield>
    <subfield code="2">ddc</subfield>
    <subfield code="4">0</subfield>
    <subfield code="7">0</subfield>
    <subfield code="8">CHEM</subfield>
    <subfield code="a">1234</subfield>
    <subfield code="b">1234</subfield>
    <subfield code="d">2024-02-13</subfield>
    <subfield code="g">130.00</subfield>
    <subfield code="l">0</subfield>
    <subfield code="o">658.4083/VAI</subfield>
    <subfield code="p">26357</subfield>
    <subfield code="r">2024-02-13</subfield>
    <subfield code="w">2024-02-13</subfield>
    <subfield code="y">BK</subfield>
  </datafield>
  <datafield tag="952" ind1=" " ind2=" ">
    <subfield code="0">0</subfield>
    <subfield code="1">0</subfield>
    <subfield code="2">ddc</subfield>
    <subfield code="4">0</subfield>
    <subfield code="7">0</subfield>
    <subfield code="8">CHEM</subfield>
    <subfield code="a">1234</subfield>
    <subfield code="b">CRCE</subfield>
    <subfield code="d">2024-02-13</subfield>
    <subfield code="g">130.00</subfield>
    <subfield code="l">1</subfield>
    <subfield code="o">658.4083/VAI</subfield>
    <subfield code="p">26358</subfield>
    <subfield code="r">2024-05-30</subfield>
    <subfield code="s">2024-05-03</subfield>
    <subfield code="w">2024-02-13</subfield>
    <subfield code="y">BK</subfield>
  </datafield>
  <datafield tag="952" ind1=" " ind2=" ">
    <subfield code="0">0</subfield>
    <subfield code="1">0</subfield>
    <subfield code="2">ddc</subfield>
    <subfield code="4">0</subfield>
    <subfield code="7">0</subfield>
    <subfield code="8">CHEM</subfield>
    <subfield code="a">1234</subfield>
    <subfield code="b">CRCE</subfield>
    <subfield code="d">2024-02-13</subfield>
    <subfield code="g">130.00</subfield>
    <subfield code="l">1</subfield>
    <subfield code="o">658.4083/VAI</subfield>
    <subfield code="p">26359</subfield>
    <subfield code="r">2024-05-30</subfield>
    <subfield code="s">2024-05-03</subfield>
    <subfield code="w">2024-02-13</subfield>
    <subfield code="y">BK</subfield>
  </datafield>
  <datafield tag="952" ind1=" " ind2=" ">
    <subfield code="0">0</subfield>
    <subfield code="1">0</subfield>
    <subfield code="2">ddc</subfield>
    <subfield code="4">0</subfield>
    <subfield code="7">0</subfield>
    <subfield code="8">CHEM</subfield>
    <subfield code="a">1234</subfield>
    <subfield code="b">CRCE</subfield>
    <subfield code="d">2024-02-13</subfield>
    <subfield code="g">130.00</subfield>
    <subfield code="l">2</subfield>
    <subfield code="o">658.4083/VAI</subfield>
    <subfield code="p">26360</subfield>
    <subfield code="q">2024-07-17</subfield>
    <subfield code="r">2024-04-18</subfield>
    <subfield code="s">2024-04-18</subfield>
    <subfield code="w">2024-02-13</subfield>
    <subfield code="y">BK</subfield>
  </datafield>
  <datafield tag="952" ind1=" " ind2=" ">
    <subfield code="0">0</subfield>
    <subfield code="1">0</subfield>
    <subfield code="2">ddc</subfield>
    <subfield code="4">0</subfield>
    <subfield code="7">0</subfield>
    <subfield code="8">CHEM</subfield>
    <subfield code="a">1234</subfield>
    <subfield code="b">1234</subfield>
    <subfield code="d">2024-02-13</subfield>
    <subfield code="g">130.00</subfield>
    <subfield code="l">1</subfield>
    <subfield code="o">658.4083/VAI</subfield>
    <subfield code="p">26361</subfield>
    <subfield code="r">2024-05-03</subfield>
    <subfield code="s">2024-03-13</subfield>
    <subfield code="w">2024-02-13</subfield>
    <subfield code="y">BK</subfield>
  </datafield>
  <datafield tag="952" ind1=" " ind2=" ">
    <subfield code="0">0</subfield>
    <subfield code="1">0</subfield>
    <subfield code="2">ddc</subfield>
    <subfield code="4">0</subfield>
    <subfield code="7">0</subfield>
    <subfield code="8">CHEM</subfield>
    <subfield code="a">1234</subfield>
    <subfield code="b">1234</subfield>
    <subfield code="d">2024-02-13</subfield>
    <subfield code="g">130.00</subfield>
    <subfield code="l">0</subfield>
    <subfield code="o">658.4083/VAI</subfield>
    <subfield code="p">26362</subfield>
    <subfield code="r">2024-02-13</subfield>
    <subfield code="w">2024-02-13</subfield>
    <subfield code="y">BK</subfield>
  </datafield>
  <datafield tag="952" ind1=" " ind2=" ">
    <subfield code="0">0</subfield>
    <subfield code="1">0</subfield>
    <subfield code="2">ddc</subfield>
    <subfield code="4">0</subfield>
    <subfield code="7">0</subfield>
    <subfield code="8">CHEM</subfield>
    <subfield code="a">1234</subfield>
    <subfield code="b">1234</subfield>
    <subfield code="d">2024-02-13</subfield>
    <subfield code="g">130.00</subfield>
    <subfield code="l">0</subfield>
    <subfield code="o">658.4083/VAI</subfield>
    <subfield code="p">26363</subfield>
    <subfield code="r">2024-02-13</subfield>
    <subfield code="w">2024-02-13</subfield>
    <subfield code="y">BK</subfield>
  </datafield>
  <datafield tag="952" ind1=" " ind2=" ">
    <subfield code="0">0</subfield>
    <subfield code="1">0</subfield>
    <subfield code="2">ddc</subfield>
    <subfield code="4">0</subfield>
    <subfield code="7">0</subfield>
    <subfield code="8">CHEM</subfield>
    <subfield code="a">1234</subfield>
    <subfield code="b">CRCE</subfield>
    <subfield code="d">2024-02-13</subfield>
    <subfield code="g">130.00</subfield>
    <subfield code="l">0</subfield>
    <subfield code="o">658.4083/VAI</subfield>
    <subfield code="p">26364</subfield>
    <subfield code="r">2024-07-19</subfield>
    <subfield code="w">2024-02-13</subfield>
    <subfield code="y">BK</subfield>
  </datafield>
</record>
